|
|
|
|
| LEADER |
00000naa2a2200000 4500 |
| 001 |
115872 |
| 005 |
20231031122939.0 |
| 035 |
|
|
|a (RuTPU)RU\TPU\book\125347
|
| 090 |
|
|
|a 115872
|
| 100 |
|
|
|a 20070515d2006 k y0rusy50 ca
|
| 101 |
0 |
|
|a rus
|
| 102 |
|
|
|a RU
|
| 200 |
1 |
|
|a Комплекс мероприятий по экономии теплоты в системах отопления
|f Ю. В. Юрицина, Л. И. Молодёжникова
|
| 461 |
|
1 |
|0 (RuTPU)RU\TPU\book\111998
|t Современные техника и технологии
|o 12-я международная научно-практическая конференция студентов, аспирантов и молодых ученых, г. Томск, 27 марта - 31 марта 2006 г.
|o труды в 2 т.
|f Томский политехнический университет
|d 2006
|
| 463 |
|
0 |
|0 (RuTPU)RU\TPU\book\114157
|t Т. 2
|v С. 426-427
|d 2006
|p 518 с.
|
| 610 |
1 |
|
|a отопление
|
| 610 |
1 |
|
|a экономия тепла
|
| 610 |
1 |
|
|a системы отопления
|
| 610 |
1 |
|
|a топливно-энергетических ресурсов
|
| 610 |
1 |
|
|a потребление тепла
|
| 610 |
1 |
|
|a энергосбережение
|
| 610 |
1 |
|
|a труды учёных ТПУ
|
| 700 |
|
1 |
|a Юрицина
|b Ю. В.
|
| 701 |
|
1 |
|a Молодёжникова
|b Л. И.
|
| 801 |
|
1 |
|a RU
|b 63413507
|c 20070515
|g PSBO
|
| 801 |
|
2 |
|a RU
|b 63413507
|c 20141105
|g RCR
|
| 942 |
|
|
|c BK
|